Every Real Madrid starting XI in 2022/2023 - Statistics

General Stats
  • This quiz has been taken 16 times
  • The average score is 334 of 418
Answer Stats
Hint Answer % Correct
Almeria (A) ST Karim Benzema
100%
Celta Vigo (A) ST Karim Benzema
100%
Espanyol (A) ST Karim Benzema
100%
Real Betis (H) ST Karim Benzema
100%
Osasuna (H) ST Karim Benzema
100%
Barcelona (H) ST Karim Benzema
100%
Elche (A) ST Karim Benzema
100%
Valladolid (A) ST Karim Benzema
100%
Villarreal (A) ST Karim Benzema
100%
Valencia (H) ST Karim Benzema
100%
Athletic Bilbao (A) ST Karim Benzema
100%
Real Sociedad (H) ST Karim Benzema
100%
Elche (H) ST Karim Benzema
100%
Atletico Madrid (H) ST Karim Benzema
100%
Real Betis (A) ST Karim Benzema
100%
Barcelona (A) ST Karim Benzema
100%
Valladolid (H) ST Karim Benzema
100%
Villarreal (H) ST Karim Benzema
100%
Cadiz (A) ST Karim Benzema
100%
Celta Vigo (H) ST Karim Benzema
100%
Almeria (H) ST Karim Benzema
100%
Valencia (A) ST Karim Benzema
100%
Rayo (H) ST Karim Benzema
100%
Athletic Bilbao (H) ST Karim Benzema
100%
Almeria (A) GK Thibaut Courtois
100%
Celta Vigo (A) GK Thibaut Courtois
100%
Espanyol (A) GK Thibaut Courtois
100%
Real Betis (H) GK Thibaut Courtois
100%
Mallorca (H) GK Thibaut Courtois
100%
Atletico Madrid (A) GK Thibaut Courtois
100%
Sevilla (H) GK Thibaut Courtois
100%
Girona (H) GK Thibaut Courtois
100%
Rayo (A) GK Thibaut Courtois
100%
Cadiz (H) GK Thibaut Courtois
100%
Valladolid (A) GK Thibaut Courtois
100%
Villarreal (A) GK Thibaut Courtois
100%
Valencia (H) GK Thibaut Courtois
100%
Athletic Bilbao (A) GK Thibaut Courtois
100%
Real Sociedad (H) GK Thibaut Courtois
100%
Osasuna (A) GK Thibaut Courtois
100%
Atletico Madrid (H) GK Thibaut Courtois
100%
Real Betis (A) GK Thibaut Courtois
100%
Espanyol (H) GK Thibaut Courtois
100%
Barcelona (A) GK Thibaut Courtois
100%
Valladolid (H) GK Thibaut Courtois
100%
Villarreal (H) GK Thibaut Courtois
100%
Cadiz (A) GK Thibaut Courtois
100%
Celta Vigo (H) GK Thibaut Courtois
100%
Almeria (H) GK Thibaut Courtois
100%
Real Sociedad (A) GK Thibaut Courtois
100%
Getafe (H) GK Thibaut Courtois
100%
Valencia (A) GK Thibaut Courtois
100%
Rayo (H) GK Thibaut Courtois
100%
Sevilla (A) GK Thibaut Courtois
100%
Athletic Bilbao (H) GK Thibaut Courtois
100%
Almeria (A) CM Toni Kroos
100%
Espanyol (A) CM Toni Kroos
100%
Mallorca (H) CM Toni Kroos
100%
Atletico Madrid (A) CM Toni Kroos
100%
Osasuna (H) CM Toni Kroos
100%
Barcelona (H) CM Toni Kroos
100%
Elche (A) CM Toni Kroos
100%
Sevilla (H) CM Toni Kroos
100%
Girona (H) CM Toni Kroos
100%
Cadiz (H) CM Toni Kroos
100%
Valladolid (A) CM Toni Kroos
100%
Villarreal (A) CM Toni Kroos
100%
Valencia (H) CM Toni Kroos
100%
Real Sociedad (H) CM Toni Kroos
100%
Atletico Madrid (H) CM Toni Kroos
100%
Real Betis (A) CM Toni Kroos
100%
Espanyol (H) CM Toni Kroos
100%
Barcelona (A) CM Toni Kroos
100%
Valladolid (H) CM Toni Kroos
100%
Girona (A) CM Toni Kroos
100%
Almeria (H) CM Toni Kroos
100%
Real Sociedad (A) CM Toni Kroos
100%
Rayo (H) CM Toni Kroos
100%
Sevilla (A) CM Toni Kroos
100%
Almeria (A) LW Vinicius Junior
100%
Celta Vigo (A) LW Vinicius Junior
100%
Espanyol (A) LW Vinicius Junior
100%
Real Betis (H) LW Vinicius Junior
100%
Mallorca (H) LW Vinicius Junior
100%
Atletico Madrid (A) LW Vinicius Junior
100%
Osasuna (H) LW Vinicius Junior
100%
Getafe (A) LW Vinicius Junior
100%
Barcelona (H) LW Vinicius Junior
100%
Elche (A) LW Vinicius Junior
100%
Sevilla (H) LW Vinicius Junior
100%
Girona (H) LW Vinicius Junior
100%
Rayo (A) LW Vinicius Junior
100%
Cadiz (H) LW Vinicius Junior
100%
Valladolid (A) LW Vinicius Junior
100%
Villarreal (A) LW Vinicius Junior
100%
Valencia (H) LW Vinicius Junior
100%
Athletic Bilbao (A) LW Vinicius Junior
100%
Real Sociedad (H) LW Vinicius Junior
100%
Mallorca (A) LW Vinicius Junior
100%
Osasuna (A) LW Vinicius Junior
100%
Atletico Madrid (H) LW Vinicius Junior
100%
Real Betis (A) LW Vinicius Junior
100%
Espanyol (H) LW Vinicius Junior
100%
Barcelona (A) LW Vinicius Junior
100%
Valladolid (H) LW Vinicius Junior
100%
Villarreal (H) LW Vinicius Junior
100%
Celta Vigo (H) LW Vinicius Junior
100%
Girona (A) LW Vinicius Junior
100%
Almeria (H) LW Vinicius Junior
100%
Valencia (A) LW Vinicius Junior
100%
Athletic Bilbao (H) LW Vinicius Junior
100%
Celta Vigo (A) RB Dani Carvajal
91%
Real Betis (H) RB Dani Carvajal
91%
Atletico Madrid (A) RB Dani Carvajal
91%
Osasuna (H) RB Dani Carvajal
91%
Getafe (A) RB Dani Carvajal
91%
Barcelona (H) RB Dani Carvajal
91%
Elche (A) RB Dani Carvajal
91%
Sevilla (H) RB Dani Carvajal
91%
Girona (H) RB Dani Carvajal
91%
Rayo (A) RB Dani Carvajal
91%
Valladolid (A) RB Dani Carvajal
91%
Mallorca (A) RB Dani Carvajal
91%
Elche (H) RB Dani Carvajal
91%
Atletico Madrid (H) RB Dani Carvajal
91%
Espanyol (H) RB Dani Carvajal
91%
Barcelona (A) RB Dani Carvajal
91%
Girona (A) RB Dani Carvajal
91%
Real Sociedad (A) RB Dani Carvajal
91%
Rayo (H) RB Dani Carvajal
91%
Athletic Bilbao (H) RB Dani Carvajal
91%
Celta Vigo (A) CB David Alaba
91%
Espanyol (A) LB David Alaba
91%
Real Betis (H) CB David Alaba
91%
Mallorca (H) CB David Alaba
91%
Atletico Madrid (A) CB David Alaba
91%
Osasuna (H) CB David Alaba
91%
Getafe (A) LB David Alaba
91%
Barcelona (H) CB David Alaba
91%
Elche (A) LB David Alaba
91%
Sevilla (H) CB David Alaba
91%
Girona (H) CB David Alaba
91%
Rayo (A) CB David Alaba
91%
Cadiz (H) CB David Alaba
91%
Valladolid (A) CB David Alaba
91%
Villarreal (A) CB David Alaba
91%
Elche (H) LB David Alaba
91%
Osasuna (A) LB David Alaba
91%
Valladolid (H) CB David Alaba
91%
Villarreal (H) CB David Alaba
91%
Rayo (H) CB David Alaba
91%
Sevilla (A) CB David Alaba
91%
Celta Vigo (A) CM Luka Modric
91%
Espanyol (A) CM Luka Modric
91%
Real Betis (H) CM Luka Modric
91%
Atletico Madrid (A) CM Luka Modric
91%
Getafe (A) CM Luka Modric
91%
Barcelona (H) CM Luka Modric
91%
Elche (A) CM Luka Modric
91%
Sevilla (H) CM Luka Modric
91%
Girona (H) CM Luka Modric
91%
Rayo (A) CM Luka Modric
91%
Cadiz (H) CM Luka Modric
91%
Villarreal (A) CM Luka Modric
91%
Valencia (H) CM Luka Modric
91%
Osasuna (A) CM Luka Modric
91%
Espanyol (H) CM Luka Modric
91%
Barcelona (A) CM Luka Modric
91%
Girona (A) CM Luka Modric
91%
Rayo (H) CM Luka Modric
91%
Sevilla (A) CM Luka Modric
91%
Osasuna (H) GK Andriy Lunin
82%
Getafe (A) GK Andriy Lunin
82%
Barcelona (H) GK Andriy Lunin
82%
Elche (A) GK Andriy Lunin
82%
Mallorca (A) GK Andriy Lunin
82%
Elche (H) GK Andriy Lunin
82%
Girona (A) GK Andriy Lunin
82%
Almeria (A) CB Antonio Rüdiger
82%
Espanyol (A) CB Antonio Rüdiger
82%
Mallorca (H) CB Antonio Rüdiger
82%
Osasuna (H) CB Antonio Rüdiger
82%
Getafe (A) CB Antonio Rüdiger
82%
Elche (A) CB Antonio Rüdiger
82%
Girona (H) CB Antonio Rüdiger
82%
Valladolid (A) CB Antonio Rüdiger
82%
Villarreal (A) CB Antonio Rüdiger
82%
Valencia (H) CB Antonio Rüdiger
82%
Athletic Bilbao (A) CB Antonio Rüdiger
82%
Real Sociedad (H) CB Antonio Rüdiger
82%
Mallorca (A) CB Antonio Rüdiger
82%
Osasuna (A) CB Antonio Rüdiger
82%
Atletico Madrid (H) CB Antonio Rüdiger
82%
Real Betis (A) CB Antonio Rüdiger
82%
Barcelona (A) CB Antonio Rüdiger
82%
Villarreal (H) CB Antonio Rüdiger
82%
Cadiz (A) CB Antonio Rüdiger
82%
Celta Vigo (H) CB Antonio Rüdiger
82%
Girona (A) CB Antonio Rüdiger
82%
Almeria (H) CB Antonio Rüdiger
82%
Real Sociedad (A) CB Antonio Rüdiger
82%
Valencia (A) CB Antonio Rüdiger
82%
Rayo (H) LB Antonio Rüdiger
82%
Athletic Bilbao (H) CB Antonio Rüdiger
82%
Celta Vigo (A) CB Eder Militao
82%
Espanyol (A) CB Eder Militao
82%
Real Betis (H) CB Eder Militao
82%
Atletico Madrid (A) CB Eder Militao
82%
Getafe (A) CB Eder Militao
82%
Barcelona (H) CB Eder Militao
82%
Elche (A) CB Eder Militao
82%
Sevilla (H) CB Eder Militao
82%
Rayo (A) CB Eder Militao
82%
Cadiz (H) CB Eder Militao
82%
Villarreal (A) RB Eder Militao
82%
Valencia (H) CB Eder Militao
82%
Athletic Bilbao (A) CB Eder Militao
82%
Real Sociedad (H) CB Eder Militao
82%
Elche (H) CB Eder Militao
82%
Osasuna (A) CB Eder Militao
82%
Atletico Madrid (H) CB Eder Militao
82%
Real Betis (A) CB Eder Militao
82%
Espanyol (H) CB Eder Militao
82%
Barcelona (A) CB Eder Militao
82%
Valladolid (H) CB Eder Militao
82%
Cadiz (A) CB Eder Militao
82%
Celta Vigo (H) CB Eder Militao
82%
Girona (A) CB Eder Militao
82%
Almeria (H) CB Eder Militao
82%
Real Sociedad (A) CB Eder Militao
82%
Getafe (H) CB Eder Militao
82%
Valencia (A) CB Eder Militao
82%
Sevilla (A) CB Eder Militao
82%
Athletic Bilbao (H) CB Eder Militao
82%
Almeria (A) CDM Aurelien Tchouameni
73%
Celta Vigo (A) CDM Aurelien Tchouameni
73%
Espanyol (A) CDM Aurelien Tchouameni
73%
Real Betis (H) CDM Aurelien Tchouameni
73%
Atletico Madrid (A) CDM Aurelien Tchouameni
73%
Osasuna (H) CDM Aurelien Tchouameni
73%
Getafe (A) CDM Aurelien Tchouameni
73%
Barcelona (H) CDM Aurelien Tchouameni
73%
Sevilla (H) CDM Aurelien Tchouameni
73%
Rayo (A) CDM Aurelien Tchouameni
73%
Cadiz (H) CDM Aurelien Tchouameni
73%
Villarreal (A) CDM Aurelien Tchouameni
73%
Mallorca (A) CDM Aurelien Tchouameni
73%
Real Betis (A) CDM Aurelien Tchouameni
73%
Espanyol (H) CDM Aurelien Tchouameni
73%
Valladolid (H) CM Aurelien Tchouameni
73%
Villarreal (H) CM Aurelien Tchouameni
73%
Cadiz (A) CDM Aurelien Tchouameni
73%
Celta Vigo (H) CDM Aurelien Tchouameni
73%
Almeria (H) CDM Aurelien Tchouameni
73%
Real Sociedad (A) CDM Aurelien Tchouameni
73%
Getafe (H) CDM Aurelien Tchouameni
73%
Valencia (A) CDM Aurelien Tchouameni
73%
Sevilla (A) CDM Aurelien Tchouameni
73%
Athletic Bilbao (H) CDM Aurelien Tchouameni
73%
Almeria (A) CM Eduardo Camavinga
73%
Celta Vigo (A) CM Eduardo Camavinga
73%
Real Betis (H) CM Eduardo Camavinga
73%
Getafe (A) CM Eduardo Camavinga
73%
Girona (H) CM Eduardo Camavinga
73%
Valencia (H) LB Eduardo Camavinga
73%
Athletic Bilbao (A) CM Eduardo Camavinga
73%
Real Sociedad (H) LB Eduardo Camavinga
73%
Mallorca (A) LB Eduardo Camavinga
73%
Elche (H) CM Eduardo Camavinga
73%
Osasuna (A) CM Eduardo Camavinga
73%
Real Betis (A) LB Eduardo Camavinga
73%
Espanyol (H) LB Eduardo Camavinga
73%
Barcelona (A) CM Eduardo Camavinga
73%
Valladolid (H) LB Eduardo Camavinga
73%
Celta Vigo (H) LB Eduardo Camavinga
73%
Almeria (H) LB Eduardo Camavinga
73%
Getafe (H) CM Eduardo Camavinga
73%
Valencia (A) CM Eduardo Camavinga
73%
Rayo (H) CDM Eduardo Camavinga
73%
Athletic Bilbao (H) CM Eduardo Camavinga
73%
Almeria (A) LB Ferland Mendy
73%
Celta Vigo (A) LB Ferland Mendy
73%
Real Betis (H) LB Ferland Mendy
73%
Mallorca (H) LB Ferland Mendy
73%
Atletico Madrid (A) LB Ferland Mendy
73%
Osasuna (H) LB Ferland Mendy
73%
Barcelona (H) LB Ferland Mendy
73%
Sevilla (H) LB Ferland Mendy
73%
Girona (H) LB Ferland Mendy
73%
Rayo (A) LB Ferland Mendy
73%
Cadiz (H) LB Ferland Mendy
73%
Valladolid (A) LB Ferland Mendy
73%
Villarreal (A) LB Ferland Mendy
73%
Athletic Bilbao (A) LB Ferland Mendy
73%
Getafe (H) LB Ferland Mendy
73%
Valencia (A) LB Ferland Mendy
73%
Sevilla (A) LB Ferland Mendy
73%
Real Betis (H) RW Rodrygo
73%
Mallorca (H) RW Rodrygo
73%
Atletico Madrid (A) ST Rodrygo
73%
Osasuna (H) RW Rodrygo
73%
Getafe (A) ST Rodrygo
73%
Elche (A) RW Rodrygo
73%
Sevilla (H) ST Rodrygo
73%
Girona (H) ST Rodrygo
73%
Rayo (A) ST Rodrygo
73%
Cadiz (H) ST Rodrygo
73%
Real Sociedad (H) RW Rodrygo
73%
Mallorca (A) ST Rodrygo
73%
Elche (H) LW Rodrygo
73%
Osasuna (A) ST Rodrygo
73%
Real Betis (A) RW Rodrygo
73%
Espanyol (H) ST Rodrygo
73%
Valladolid (H) CAM Rodrygo
73%
Villarreal (H) RW Rodrygo
73%
Cadiz (A) LW Rodrygo
73%
Girona (A) ST Rodrygo
73%
Almeria (H) RW Rodrygo
73%
Real Sociedad (A) LW Rodrygo
73%
Rayo (H) LW Rodrygo
73%
Sevilla (A) ST Rodrygo
73%
Athletic Bilbao (H) RW Rodrygo
73%
Almeria (A) RW Fede Valverde
64%
Celta Vigo (A) RW Fede Valverde
64%
Espanyol (A) RW Fede Valverde
64%
Mallorca (H) CM Fede Valverde
64%
Atletico Madrid (A) RW Fede Valverde
64%
Getafe (A) RW Fede Valverde
64%
Barcelona (H) RW Fede Valverde
64%
Elche (A) CM Fede Valverde
64%
Sevilla (H) RW Fede Valverde
64%
Girona (H) RW Fede Valverde
64%
Rayo (A) CM Fede Valverde
64%
Cadiz (H) RW Fede Valverde
64%
Valladolid (A) CM Fede Valverde
64%
Villarreal (A) RW Fede Valverde
64%
Athletic Bilbao (A) CM Fede Valverde
64%
Real Sociedad (H) CM Fede Valverde
64%
Mallorca (A) CM Fede Valverde
64%
Elche (H) CM Fede Valverde
64%
Osasuna (A) RW Fede Valverde
64%
Atletico Madrid (H) CM Fede Valverde
64%
Real Betis (A) CM Fede Valverde
64%
Espanyol (H) RW Fede Valverde
64%
Barcelona (A) RW Fede Valverde
64%
Cadiz (A) CM Fede Valverde
64%
Celta Vigo (H) CM Fede Valverde
64%
Girona (A) CM Fede Valverde
64%
Getafe (H) RW Fede Valverde
64%
Rayo (H) RW Fede Valverde
64%
Sevilla (A) RW Fede Valverde
64%
Rayo (A) RW Marco Asensio
64%
Valladolid (A) RW Marco Asensio
64%
Valencia (H) RW Marco Asensio
64%
Athletic Bilbao (A) RW Marco Asensio
64%
Mallorca (A) RW Marco Asensio
64%
Elche (H) RW Marco Asensio
64%
Atletico Madrid (H) RW Marco Asensio
64%
Valladolid (H) RW Marco Asensio
64%
Villarreal (H) CAM Marco Asensio
64%
Cadiz (A) RW Marco Asensio
64%
Celta Vigo (H) RW Marco Asensio
64%
Girona (A) RW Marco Asensio
64%
Real Sociedad (A) RW Marco Asensio
64%
Getafe (H) ST Marco Asensio
64%
Valencia (A) RW Marco Asensio
64%
Real Sociedad (A) ST Mariano Diaz
64%
Almeria (A) CB Nacho
64%
Valencia (H) RB Nacho
64%
Athletic Bilbao (A) RB Nacho
64%
Real Sociedad (H) RB Nacho
64%
Mallorca (A) CB Nacho
64%
Elche (H) CB Nacho
64%
Osasuna (A) RB Nacho
64%
Atletico Madrid (H) LB Nacho
64%
Espanyol (H) CB Nacho
64%
Barcelona (A) LB Nacho
64%
Villarreal (H) LB Nacho
64%
Cadiz (A) LB Nacho
64%
Celta Vigo (H) RB Nacho
64%
Girona (A) LB Nacho
64%
Real Sociedad (A) LB Nacho
64%
Getafe (H) CB Nacho
64%
Rayo (H) CB Nacho
64%
Athletic Bilbao (H) LB Nacho
64%
Almeria (A) RB Lucas Vazquez
55%
Espanyol (A) RB Lucas Vazquez
55%
Mallorca (H) RB Lucas Vazquez
55%
Cadiz (H) RB Lucas Vazquez
55%
Real Betis (A) RB Lucas Vazquez
55%
Valladolid (H) RB Lucas Vazquez
55%
Villarreal (H) RB Lucas Vazquez
55%
Cadiz (A) RB Lucas Vazquez
55%
Almeria (H) RB Lucas Vazquez
55%
Getafe (H) RB Lucas Vazquez
55%
Valencia (A) RB Lucas Vazquez
55%
Sevilla (A) RB Lucas Vazquez
55%
Mallorca (H) ST Eden Hazard
36%
Getafe (H) LW Eden Hazard
36%
Mallorca (H) CM Dani Ceballos
27%
Osasuna (H) CM Dani Ceballos
27%
Valladolid (A) CM Dani Ceballos
27%
Valencia (H) CM Dani Ceballos
27%
Athletic Bilbao (A) CM Dani Ceballos
27%
Real Sociedad (H) CM Dani Ceballos
27%
Mallorca (A) CM Dani Ceballos
27%
Elche (H) CM Dani Ceballos
27%
Osasuna (A) CM Dani Ceballos
27%
Atletico Madrid (H) CM Dani Ceballos
27%
Villarreal (H) CM Dani Ceballos
27%
Cadiz (A) CM Dani Ceballos
27%
Celta Vigo (H) CM Dani Ceballos
27%
Almeria (H) CM Dani Ceballos
27%
Real Sociedad (A) CM Dani Ceballos
27%
Getafe (H) CM Dani Ceballos
27%
Valencia (A) CM Dani Ceballos
27%
Sevilla (A) LW Dani Ceballos
27%
Athletic Bilbao (H) CM Dani Ceballos
27%
No matching quizzes found
Score Distribution
Percent of People with Each Score
Percentile by Number Answered
Your Score History
You have not taken this quiz